Sports Quiz

Random Sports or NBA Quiz

NBA players scoring 60 or more points in a game Quiz Stats

 Plays Quiz not verified by Sporcle

Challenge
Share
Tweet
Embed
Score 0/64 Timer 05:00
0 Plays Today
Team Player Name % Correct
Los Angeles LakersKobe Bryant
98.7%
Los Angeles LakersKobe Bryant
98.7%
Los Angeles LakersKobe Bryant
98.7%
Los Angeles LakersKobe Bryant
98.7%
Los Angeles LakersKobe Bryant
98.7%
Philadelphia WarriorsWilt Chamberlain
96.6%
Philadelphia WarriorsWilt Chamberlain
96.6%
San Francisco WarriorsWilt Chamberlain
96.6%
Philadelphia WarriorsWIlt Chamberlain
96.6%
San Francisco WarriorsWilt Chamberlain
96.6%
San Francisco WarriorsWilt Chamberlain
96.6%
Chicago BullsMichael Jordan
96.6%
Philadelphia 76ersWilt Chamberlain
96.6%
San Francisco WarriorsWilt Chamberlain
96.6%
Philadelphia WarriorsWilt Chamberlain
96.6%
Philadelphia WarriorsWilt Chamberlain
96.6%
Philadelphia WarriorsWilt Chamberlain
96.6%
Los Angeles LakersWilt Chamberlain
96.6%
Philadelphia 76ersWilt Chamberlain
96.6%
Philadelphia WarriorsWilt Chamberlain
96.6%
Philadelphia WarriorsWilt Chamberlain
96.6%
Chicago BullsMichael Jordan
96.6%
Chicago BullsMichael Jordan
96.6%
San Francisco WarriorsWilt Chamberlain
96.6%
San Francisco WarriorsWilt Chamberlain
96.6%
San Francisco WarriorsWilt Chamberlain
96.6%
San Francisco WarriorsWilt Chamberlain
96.6%
San Francisco WarriorsWilt Chamberlain
96.6%
Philadelphia WarriorsWilt Chamberlain
96.6%
Philadelphia WarriorsWilt Chamberlain
96.6%
Philadelphia WarriorsWilt Chamberlain
96.6%
Chicago BullsMichael Jordan
96.6%
Team Player Name % Correct
Chicago BullsMichael Jordan
96.6%
San Francisco WarriorsWilt Chamberlain
96.6%
San Francisco WarriorsWilt Chamberlain
96.6%
San Francisco WarriorsWilt Chamberlain
96.6%
Philadelphia WarriorsWilt Chamberlain
96.6%
Philadelphia WarriorsWilt Chamberlain
96.6%
Philadelphia WarriorsWilt Chamberlain
96.6%
Los Angeles LakersWilt Chamberlain
96.6%
Philadelphia WarriorsWilt Chamberlain
96.6%
Philadelphia WarriorsWilt Chamberlain
96.6%
New York KnicksCarmelo Anthony
94%
Los Angeles LakersShaquille O'Neal
92.6%
Philadelphia 76rsAllen Iverson
92.6%
Miami HeatLeBron James
91.9%
Los Angeles LakersJerry West
89.3%
San Antonio SpursDavid Robinson
87.9%
Boston CelticsLarry Bird
87.9%
Utah JazzKarl Malone
87.2%
Washington WizardsGilbert Arenas
87.2%
Los Angeles LakersElgin Baylor
81.9%
Minneapolis LakersElgin Baylor
81.9%
Los Angeles LakersElgin Baylor
81.9%
Los Angeles LakersElgin Baylor
81.9%
Orlando MagicTracy McGrady
81.2%
San Antonio SpursGeorge Gervin
79.9%
Minneapolis LakersGeorge Mikan
75.2%
Golden State WarriorsRick Barry
74.5%
New Orleans JazzPete Maravich
72.5%
New York KnicksBernard King
66.4%
Denver NuggetsDavid Thompson
65.1%
Phoenix SunsTom Chambers
61.1%
Philadelphia WarriorsJoe Fulks
26.2%

You're not logged in!

Compare scores with friends on all Sporcle quizzes.
Join for Free
OR
Log In

You Might Also Like...

Show Comments

Extras

Top Quizzes Today


Score Distribution

Your Account Isn't Verified!

In order to create a playlist on Sporcle, you need to verify the email address you used during registration. Go to your Sporcle Settings to finish the process.

Report this User

Report this user for behavior that violates our Community Guidelines.

Details: